<?xml version="1.0" encoding="UTF-8"?>
<record
    xmlns:xsi="http://www.w3.org/2001/XMLSchema-instance"
    xsi:schemaLocation="http://www.loc.gov/MARC21/slim http://www.loc.gov/standards/marcxml/schema/MARC21slim.xsd"
    xmlns="http://www.loc.gov/MARC21/slim">

  <leader>02315nam a2200385 a 4500</leader>
  <controlfield tag="001">000000549</controlfield>
  <controlfield tag="003">OSt</controlfield>
  <controlfield tag="005">20260508101529.0</controlfield>
  <controlfield tag="007">ta</controlfield>
  <controlfield tag="008">081127s1999    dr ad         000 0 spa d</controlfield>
  <datafield tag="020" ind1=" " ind2=" ">
    <subfield code="a">8489525595</subfield>
  </datafield>
  <datafield tag="020" ind1=" " ind2=" ">
    <subfield code="a">9788489525597</subfield>
  </datafield>
  <datafield tag="040" ind1=" " ind2=" ">
    <subfield code="a">DO-SdBPM</subfield>
    <subfield code="b">spa</subfield>
    <subfield code="c">BPMSU</subfield>
    <subfield code="d">rda</subfield>
  </datafield>
  <datafield tag="082" ind1="0" ind2="4">
    <subfield code="a">155.2842</subfield>
    <subfield code="b">B674t 1999</subfield>
    <subfield code="2">22</subfield>
  </datafield>
  <datafield tag="100" ind1="1" ind2=" ">
    <subfield code="a">Bogaert Garc&#xED;a, Huberto,</subfield>
    <subfield code="d">1953-</subfield>
    <subfield code="4">aut.</subfield>
    <subfield code="e">autor </subfield>
  </datafield>
  <datafield tag="245" ind1="1" ind2="3">
    <subfield code="a">La transferencia :</subfield>
    <subfield code="b">una investigaci&#xF3;n cl&#xED;nica con el test de Rorschach /</subfield>
    <subfield code="c">Huberto Bogaert Garc&#xED;a.</subfield>
  </datafield>
  <datafield tag="264" ind1=" " ind2=" ">
    <subfield code="a">Santo Domingo :</subfield>
    <subfield code="b">INTEC,</subfield>
    <subfield code="c">1999.</subfield>
  </datafield>
  <datafield tag="300" ind1=" " ind2=" ">
    <subfield code="a">171 p&#xE1;ginas  :</subfield>
    <subfield code="b">ilustraci&#xF3;n ., gr&#xE1;ficos ;</subfield>
    <subfield code="c">21 cm.</subfield>
  </datafield>
  <datafield tag="336" ind1=" " ind2=" ">
    <subfield code="a">texto</subfield>
    <subfield code="b">txt</subfield>
    <subfield code="2">rdacontent</subfield>
  </datafield>
  <datafield tag="337" ind1=" " ind2=" ">
    <subfield code="a">sin mediaci&#xF3;n</subfield>
    <subfield code="b">n</subfield>
    <subfield code="2">rdamedia</subfield>
  </datafield>
  <datafield tag="338" ind1=" " ind2=" ">
    <subfield code="a">volumen</subfield>
    <subfield code="b">nc</subfield>
    <subfield code="2">rdacarrier</subfield>
  </datafield>
  <datafield tag="500" ind1=" " ind2=" ">
    <subfield code="a">Incluye datos biogr&#xE1;ficos  del autor en la solapa  de la cubierta </subfield>
  </datafield>
  <datafield tag="500" ind1=" " ind2=" ">
    <subfield code="a">Incluye referencias bibliogr&#xE1;ficas y notas al pie de las p&#xE1;ginas</subfield>
  </datafield>
  <datafield tag="505" ind1="0" ind2=" ">
    <subfield code="a">Introducci&#xF3;n -- Psicoan&#xE1;lisis y transferencia: 1. La demanda cl&#xED;nica -- 2. La situaci&#xF3;n anal&#xED;tica -- 3. La regla fundamental -- 4. La transferencia -- 4.1 Transferencia y repetici&#xF3;n -- 4.2 Transferencia positiva y negativa -- 4.3 Transferencia y resistencia -- 4.4 Transferencia y neurosis -- 4.5 Transferencia y sugesti&#xF3;n -- 4.6 Transferencia, objeto a y sujeto-supuesto-saber -- 4.7 Transferencia e interpretaci&#xF3;n -- 4.7.1 Transferencia y sue&#xF1;o -- 4.7.2 Manejo de la transferencia -- 4.7.3 Interpretaci&#xF3;n de la transferencia -- 4.7.4 Resoluci&#xF3;n de la transferencia -- 5. La neutralidad del an&#xE1;lisis -- 6. La atenci&#xF3;n parejamente flotante y la comunicaci&#xF3;n de inconsciente -- 7. La contra transferencia -- Transferencia y respuesta de movimiento humano: 1. Consideraciones preliminares -- 2. Hip&#xF3;tesis -- 3. Dise&#xF1;o y metodolog&#xED;a de la investigaci&#xF3;n -- 3.1 Muestra -- 3.2 Variables -- 4. Resultados de la investigaci&#xF3;n -- 5. Interpretaci&#xF3;n de los resultados -- 6. Conclusi&#xF3;n.</subfield>
  </datafield>
  <datafield tag="590" ind1=" " ind2=" ">
    <subfield code="a">Inventariado, 2026/VM</subfield>
  </datafield>
  <datafield tag="650" ind1=" " ind2="7">
    <subfield code="a">Prueba de Rorschach</subfield>
  </datafield>
  <datafield tag="650" ind1=" " ind2="7">
    <subfield code="a">Pruebas de la personalidad</subfield>
  </datafield>
  <datafield tag="650" ind1=" " ind2="7">
    <subfield code="a">Psicodiagn&#xF3;stico</subfield>
  </datafield>
  <datafield tag="710" ind1="2" ind2=" ">
    <subfield code="a">Instituto Tecnol&#xF3;gico de Santo Domingo</subfield>
  </datafield>
  <datafield tag="710" ind1="z" ind2=" ">
    <subfield code="a">INTEC</subfield>
  </datafield>
  <datafield tag="710" ind1="z" ind2=" ">
    <subfield code="a">I.N.T.E.C.</subfield>
  </datafield>
  <datafield tag="710" ind1="z" ind2=" ">
    <subfield code="a">Instituto Tecnol&#xF3;gico Santo Domingo </subfield>
  </datafield>
  <datafield tag="910" ind1=" " ind2=" ">
    <subfield code="a">VMateo V. Control de calidad. BPMSU</subfield>
  </datafield>
  <datafield tag="942" ind1=" " ind2=" ">
    <subfield code="2">ddc</subfield>
    <subfield code="c">BK</subfield>
  </datafield>
  <datafield tag="952" ind1=" " ind2=" ">
    <subfield code="0">0</subfield>
    <subfield code="1">0</subfield>
    <subfield code="2">ddc</subfield>
    <subfield code="7">0</subfield>
    <subfield code="8">CD</subfield>
    <subfield code="a">BPMET</subfield>
    <subfield code="b">BPMET</subfield>
    <subfield code="d">2026-05-08</subfield>
    <subfield code="l">0</subfield>
    <subfield code="o">BPMSU CD 155.2842 B674t 1999</subfield>
    <subfield code="p">BPMSU26050042</subfield>
    <subfield code="r">2026-05-08</subfield>
    <subfield code="w">2026-05-08</subfield>
    <subfield code="y">BK</subfield>
  </datafield>
  <datafield tag="952" ind1=" " ind2=" ">
    <subfield code="0">0</subfield>
    <subfield code="1">0</subfield>
    <subfield code="2">ddc</subfield>
    <subfield code="7">0</subfield>
    <subfield code="8">CD</subfield>
    <subfield code="a">BPMET</subfield>
    <subfield code="b">BPMET</subfield>
    <subfield code="d">2026-05-08</subfield>
    <subfield code="l">0</subfield>
    <subfield code="o">BPMSU CD 155.2842 B674t 1999</subfield>
    <subfield code="p">BPMSU26050043</subfield>
    <subfield code="r">2026-05-08</subfield>
    <subfield code="t">e.2</subfield>
    <subfield code="w">2026-05-08</subfield>
    <subfield code="y">BK</subfield>
  </datafield>
  <datafield tag="952" ind1=" " ind2=" ">
    <subfield code="0">0</subfield>
    <subfield code="1">0</subfield>
    <subfield code="2">ddc</subfield>
    <subfield code="7">0</subfield>
    <subfield code="8">CD</subfield>
    <subfield code="a">BPMET</subfield>
    <subfield code="b">BPMET</subfield>
    <subfield code="d">2026-05-08</subfield>
    <subfield code="l">0</subfield>
    <subfield code="o">BPMSU CD 155.2842 B674t 1999</subfield>
    <subfield code="p">BPMSU26050044</subfield>
    <subfield code="r">2026-05-08</subfield>
    <subfield code="t">e.3</subfield>
    <subfield code="w">2026-05-08</subfield>
    <subfield code="y">BK</subfield>
  </datafield>
  <datafield tag="999" ind1=" " ind2=" ">
    <subfield code="c">15832</subfield>
    <subfield code="d">15832</subfield>
  </datafield>
</record>
